| 000 | 00634nam a2200229Ia 4500 | ||
|---|---|---|---|
| 008 | 160404s9999 xx 000 0 und d | ||
| 020 | _a971-0489-74-9 | ||
| 050 | _aFIL HF 5686.H75 | ||
| 050 | _b.C33 2010 | ||
| 100 | _aCabrera, Ma. Elenita Balatbat. | ||
| 245 | _aAccounting for hotels and restaurants : | ||
| 245 | _ba user perspective / | ||
| 245 | _cMa. Elenita Balatbat Cabrera. | ||
| 260 | _aManila : | ||
| 260 | _bGIC Enterprises,. Inc., | ||
| 260 | _c2010 | ||
| 300 | _a404 pages : | ||
| 300 | _billustrations ; | ||
| 300 | _c23 cm. | ||
| 650 | _aHotels -- Accounting. | ||
| 650 | _xRestaurants -- Accounting. | ||
| 999 |
_c293238 _d293238 |
||